[Event "Coin op"]
[Site "Coin"]
[Date "2021.04.02"]
[Round "3"]
[White "Silva, Pedro Gil Ferreira"]
[Black "Garcia del Campo, Efren"]
[Result "1-0"]
[WhiteElo "2167"]
[BlackElo "1983"]
[PlyCount "153"]
[EventDate "2021.04.01"]
[EventType "swiss"]
[EventRounds "7"]
[EventCountry "ESP"]
[SourceTitle "EXT 2022"]
[Source "ChessBase"]
[SourceDate "2021.10.06"]
[SourceVersion "1"]
[SourceVersionDate "2021.10.06"]
[SourceQuality "1"]

1. e4 e6 2. d4 d5 3. Bd3 dxe4 4. Bxe4 Nf6 5. Bf3 c5 6. Ne2 Nc6 7. Be3 cxd4 8. Nxd4 Ne5 9. Nc3 a6 10. 0-0 Be7 11. Be2 0-0 12. Nb3 Qc7 13. Qd4 Ned7 14. a4 b6 15. Bf3 Bb7 16. Bf4 Qc8 17. Bxb7 Qxb7 18. Bd6 Bxd6 19. Qxd6 Rfc8 20. Rad1 h6 21. Rfe1 Nc5 22. Nxc5 Rxc5 23. Re5 Rc6 24. Qd3 Qc7 25. Re3 Rc5 26. Qe2 Rg5 27. Ne4 Nxe4 28. Rxe4 Rd8 29. Red4 Rgd5 30. Rxd5 Rxd5 31. Rxd5 exd5 32. c3 a5 33. g3 Qd7 34. b3 Qf5 35. Qd1 Qe4 36. h4 h5 37. Kh2 g6 38. Qd2 Qe6 39. Qd4 Kh7 40. b4 Qc6 41. bxa5 bxa5 42. Qa7 Qf6 43. Kg2 Qc6 44. Qxf7+ Kh8 45. Qf8+ Kh7 46. Qe7+ Kg8 47. Kh2 Qxc3 48. Qd8+ Kg7 49. Qxd5 Qe1 50. Qd4+ Kf7 51. Qa7+ Kf6 52. Qe3 Qb4 53. Qf3+ Kg7 54. Qc6 Qe1 55. Kg2 Qb4 56. Kf3 Qg4+ 57. Ke3 Qf5 58. Qe4 Qf7 59. Qe5+ Kh7 60. Qxa5 Qb3+ 61. Kd4 Qb2+ 62. Kc4 Qxf2 63. Qc7+ Kg8 64. Qd8+ Kh7 65. Qe7+ Kg8 66. Qd6 Qe2+ 67. Kb3 Kf7 68. a5 Qb5+ 69. Qb4 Qd3+ 70. Qc3 Qb5+ 71. Ka3 Qa6 72. Ka4 Ke8 73. Qe5+ Kd8 74. Qb5 Qc8 75. Qb6+ Kd7 76. Qd4+ Ke8 77. Qh8+ 1-0

[Event "Andalucia-ch U18"]
[Site "Almeria"]
[Date "2011.04.20"]
[Round "8.5"]
[White "Perera Borrego, Mariela"]
[Black "Garcia del Campo, Efren"]
[Result "1/2-1/2"]
[WhiteElo "2069"]
[BlackElo "1885"]
[PlyCount "46"]
[EventDate "2011.04.16"]
[EventType "swiss"]
[EventRounds "8"]
[EventCountry "ESP"]
[SourceTitle "EXT 2024"]
[Source "ChessBase"]
[SourceDate "2023.10.10"]
[SourceVersion "1"]
[SourceVersionDate "2023.10.10"]
[SourceQuality "1"]

1. d4 Nf6 2. Nf3 e6 3. e3 d5 4. Bd3 Bd6 5. 0-0 0-0 6. b3 Nbd7 7. Bb2 c6 8. Ne5 Qc7 9. f4 Ne4 10. Nd2 f5 11. Qe2 Ndf6 12. Ndf3 Bd7 13. Nxd7 Nxd7 14. Ne5 Ndf6 15. c4 a5 16. a3 Qd8 17. c5 Bc7 18. b4 Qe7 19. Rfc1 Rfb8 20. b5 Bxe5 21. fxe5 Nd7 22. Rab1 g5 23. Bxe4 dxe4 1/2-1/2

[Event "Andalucia-ch U16 1011"]
[Site "Almeria"]
[Date "2011.03.25"]
[Round "3.7"]
[White "Garcia del Campo, Efren"]
[Black "Valero Gutierrez, Alvaro"]
[Result "0-1"]
[WhiteElo "1885"]
[BlackElo "1902"]
[PlyCount "69"]
[EventDate "2011.03.25"]
[EventType "swiss"]
[EventRounds "9"]
[EventCountry "ESP"]
[SourceTitle "EXT 2024"]
[Source "ChessBase"]
[SourceDate "2023.10.10"]
[SourceVersion "1"]
[SourceVersionDate "2023.10.10"]
[SourceQuality "1"]

1. e4 d6 2. Nf3 Nf6 3. Nc3 Nbd7 4. d4 e5 5. dxe5 dxe5 6. Bc4 h6 7. 0-0 c6 8. h3 Qc7 9. Be3 Bb4 10. Bd3 0-0 11. Ne2 Bc5 12. Qc1 Qb6 13. Bxc5 Qxc5 14. Ng3 b5 15. c3 Nb6 16. Qe3 Qe7 17. Rfd1 Rd8 18. Be2 Bb7 19. Nf5 Qe6 20. Qc5 Nxe4 21. Qxe5 Qxe5 22. Nxe5 Re8 23. Nd7 Nxd7 24. Rxd7 Nc5 25. Rd2 Ne4 26. Rd7 Nc5 27. Rd2 Rad8 28. Rad1 Rxd2 29. Rxd2 Bc8 30. Ng3 Be6 31. Bf3 Rc8 32. Rd6 Bxa2 33. Rxc6 Rxc6 34. Bxc6 Bc4 35. Ne4 0-1

[Event "Cadiz op 17th"]
[Site "Cadiz"]
[Date "2010.07.07"]
[Round "4.8"]
[White "Ruiz Ledo, Antonio"]
[Black "Garcia del Campo, Efren"]
[Result "1-0"]
[WhiteElo "2033"]
[BlackElo "1900"]
[PlyCount "69"]
[EventDate "2010.07.05"]
[EventType "swiss"]
[EventRounds "7"]
[EventCountry "ESP"]
[SourceTitle "EXT 2024"]
[Source "ChessBase"]
[SourceDate "2023.10.10"]
[SourceVersion "1"]
[SourceVersionDate "2023.10.10"]
[SourceQuality "1"]

1. e4 c6 2. d3 d5 3. Nd2 Nd7 4. Ngf3 dxe4 5. dxe4 Ngf6 6. Bc4 Nb6 7. Bb3 Qc7 8. 0-0 Bg4 9. Qe2 e6 10. e5 Nfd7 11. c3 Nxe5 12. Qxe5 Bd6 13. Qg5 h5 14. Ne4 Bxf3 15. Nxd6+ Qxd6 16. gxf3 Rh6 17. Qf4 Qe7 18. Be3 g5 19. Qe5 0-0-0 20. Bc5 Qe8 21. Rad1 Nd7 22. Qe3 b6 23. Bd6 Rg6 24. Kh1 g4 25. f4 h4 26. f5 Rf6 27. fxe6 fxe6 28. Qe4 Kb7 29. Qxg4 Rg6 30. Qxh4 Qf7 31. f3 Rdg8 32. Bg3 Nc5 33. Bc2 Rg5 34. b4 Nd7 35. Qf4 1-0

[Event "ESP-ch U14"]
[Site "Granada"]
[Date "2009.07.09"]
[Round "5"]
[White "Montoliu Cervero, Francisco"]
[Black "Garcia del Campo, Efren"]
[Result "1-0"]
[WhiteElo "2063"]
[BlackElo "1849"]
[PlyCount "51"]
[EventDate "2009.07.07"]
[EventType "swiss"]
[EventRounds "9"]
[EventCountry "ESP"]
[SourceTitle "CBM 131 Extra"]
[Source "ChessBase"]
[SourceDate "2009.09.03"]
[SourceVersion "2"]
[SourceVersionDate "2009.09.16"]
[SourceQuality "1"]

1. e4 c5 2. Nf3 e6 3. d4 cxd4 4. Nxd4 a6 5. Nc3 Qc7 6. Be3 Nf6 7. Qd2 Be7 8. f3 d6 9. 0-0-0 Nbd7 10. g4 Nc5 11. g5 Nfd7 12. Kb1 b5 13. h4 Bb7 14. Bd3 0-0-0 15. Rc1 Nb6 16. Ncxb5 axb5 17. Nxb5 Qb8 18. Qa5 Ba8 19. b4 Ncd7 20. c4 Bc6 21. e5 Kb7 22. exd6 Bxd6 23. c5 Bc7 24. Nxc7 Qxc7 25. cxb6 Nxb6 26. Qxb6+ 1-0

[Event "ESP-ch U14"]
[Site "Granada"]
[Date "2009.07.08"]
[Round "3"]
[White "Cruz Lledo, Pablo"]
[Black "Garcia del Campo, Efren"]
[Result "1-0"]
[WhiteElo "2190"]
[BlackElo "1849"]
[PlyCount "99"]
[EventDate "2009.07.07"]
[EventType "swiss"]
[EventRounds "9"]
[EventCountry "ESP"]
[SourceTitle "CBM 131 Extra"]
[Source "ChessBase"]
[SourceDate "2009.09.03"]
[SourceVersion "2"]
[SourceVersionDate "2009.09.16"]
[SourceQuality "1"]

1. d4 Nf6 2. c4 e6 3. Nc3 d5 4. cxd5 exd5 5. Bg5 Be7 6. e3 c6 7. Bd3 Nbd7 8. Nge2 0-0 9. Qc2 Re8 10. Ng3 Nf8 11. 0-0 Be6 12. Rab1 Rc8 13. b4 b5 14. Nce2 h6 15. Bxf6 Bxf6 16. a4 a6 17. a5 Qd6 18. Nc1 g6 19. Qd2 Kg7 20. Nb3 Nd7 21. Rfc1 h5 22. Ne2 Rh8 23. Nc5 Nxc5 24. Rxc5 h4 25. Nf4 Bd7 26. Be2 Qe7 27. Rbc1 Rhe8 28. Bf3 Qd6 29. h3 Be7 30. Nd3 Qe6 31. R5c2 Bd6 32. Nc5 Bxc5 33. Rxc5 Qf6 34. Qd1 Qg5 35. Kh1 Qf6 36. R1c3 Rg8 37. Kh2 Rh8 38. Rc2 Qd6+ 39. Kg1 Qf6 40. Bg4 Bxg4 41. Qxg4 Rhe8 42. Rxd5 Re4 43. Qxc8 cxd5 44. Qc6 Qf5 45. Qc8 Qg5 46. Qxa6 Rxe3 47. fxe3 Qxe3+ 48. Rf2 Qe1+ 49. Rf1 Qe3+ 50. Kh1 1-0